| 000 | 00694nam a2200265Ia 4500 | ||
|---|---|---|---|
| 001 | 51261 | ||
| 005 | 20240114005221.0 | ||
| 007 | ta | ||
| 008 | 090617s1968 g b000 u Eng u | ||
| 040 | _aCotton College Assam | ||
| 041 | _aEng | ||
| 082 |
_a400.954 _bGr 87 Li |
||
| 100 | _aGrierson, G. A. . | ||
| 245 | 0 |
_aLinguistic Survey Of India Vol. XI / _cG. A. Grierson. _hTextual Documents |
|
| 250 | _a1st ed. / | ||
| 260 |
_aDelhi : _bMotilal Banarsidass Publishers , _c1968. |
||
| 300 |
_a1000p. ; _c32 cm.. |
||
| 653 | _aBV-Language | ||
| 653 | _aJournal | ||
| 942 |
_2ddc _cBK |
||
| 999 |
_c51226 _d51226 |
||